000 00861nam a22002897a 4500
999 _c21981
_d21981
001 13047622
003 OSt
005 20210913155700.0
008 170203b xxu||||| |||| 00| 0 eng d
010 _a 2003041526
020 _a0826119158
040 _aMMU
_cMMU
_dMMU
_beng
042 _apcc
050 0 0 _aRT84.5
_b.M537 2003
245 0 0 _aMiddle range theory for nursing /
_cMary Jane Smith, Patricia R. Liehr, editors.
260 _aNew York :
_bSpringer Pub.,
_cc2003.
300 _axiii, 221 p. :
_bill. ;
_c24 cm.
500 _aIncludes bibliographical references and index.
650 0 _aNursing
_xPhilosophy.
650 0 _aNursing models.
650 0 _aInformation science.
650 1 2 _aNursing Theory.
650 2 2 _aNursing Research.
_9171
700 1 _aSmith, Mary Jane,
_d1938-
700 1 _aLiehr, Patricia R.
942 _2lcc
_cLOAN LOAN